000 00742nam a2200253Ia 4500
003 OSt
005 20221005090451.0
006 a|||||r|||| 00| 0
007 ta
008 221004b |||||||| |||| 00| 0 eng d
024 _a72184
037 _cTextual
040 _aCRL
_cCRL
_beng
041 _2eng
_aeng
082 _aY16.275'M, N5
100 _aSinha Mrinalini
245 0 _aColonial masculinity
_b The mainly Englishman and the effeminate Bengali in the late nineteeth century
260 _aNew York
_bManchester University
_c1995
300 _a191p.
_ccm.
490 _aStudies in imperialism,21
650 _aSOCIOLOGY
942 _hY16.275'M, N5
_cTEXL
_2cc
999 _c995840
_d995840